| 000 | 00664nam a2200193 i 4500 | ||
|---|---|---|---|
| 001 | 135320 | ||
| 003 | ES-MaACL | ||
| 005 | 20230906194845.0 | ||
| 007 | t| | ||
| 008 | 070716s1916 sp ||||1| spa d | ||
| 100 | 1 |
_aTorras, Valentín. _9110722 |
|
| 245 | 1 | 0 |
_aUn español prisionero de los alemanes _b: (21 meses de cautiverio) / _cValentín Torras ; prólogo de Jacinto O. Picón. |
| 260 |
_aMadrid : _bTip. Artística, _c1916. |
||
| 300 |
_a238 p. ; _c19 cm. |
||
| 650 | 1 | 4 |
_aGuerra mundial, 1914-1918- _xPrisioneros- _zAlemania. _913226 |
| 700 | 1 |
_aPicón, Jacinto Octavio, _d1852-1923 _991875 |
|
| 852 |
_aES-MaACL _jG-4386 |
||
| 999 |
_c135320 _d135320 |
||